[Event "Feffernitz Raika op 21st"]
[Site "Feffernitz"]
[Date "2012.08.19"]
[Round "1"]
[White "Mitter, Gerd"]
[Black "Zeber, Karl"]
[Result "1-0"]
[WhiteElo "2217"]
[BlackElo "1777"]
[PlyCount "111"]
[EventDate "2012.08.19"]
[EventType "swiss"]
[EventRounds "9"]
[EventCountry "AUT"]
[SourceTitle "CBM 150 Extra"]
[Source "ChessBase"]
[SourceDate "2012.10.19"]
[SourceVersion "1"]
[SourceVersionDate "2012.10.19"]
[SourceQuality "1"]

1. c4 c5 2. Nf3 Nc6 3. g3 g6 4. Bg2 Bg7 5. 0-0 e6 6. Nc3 Nge7 7. d4 cxd4 8. Nb5 d5 9. cxd5 Nxd5 10. Nbxd4 0-0 11. Nxc6 bxc6 12. Qa4 Bb7 13. Bg5 f6 14. Bd2 Qb6 15. e4 Ne7 16. Qc4 c5 17. Rfc1 Rac8 18. Bc3 Qa6 19. Bf1 Qc6 20. Bh3 f5 21. Bxg7 Kxg7 22. Ng5 Kh6 23. Qxe6 Kxg5 24. Qxe7+ Kh6 25. b4 c4 26. Bg2 Rfe8 27. Qh4+ Kg7 28. b5 Qc5 29. exf5 Bxg2 30. f6+ Kg8 31. f7+ Kxf7 32. Qxh7+ Kf6 33. Kxg2 Rh8 34. Qd7 Rc7 35. Qd2 c3 36. Qf4+ Kg7 37. Rc2 Rf8 38. Qe3 Qxb5 39. Rxc3 Rcf7 40. Qd4+ Kh7 41. Rf1 Qb2 42. Rd3 Qxa2 43. g4 Kg8 44. Rh3 Rh7 45. Rxh7 Kxh7 46. Rc1 Qf7 47. Rc3 Qb7+ 48. Kg3 Qb8+ 49. f4 Rd8 50. Qe5 Qxe5 51. fxe5 Rd7 52. Kf4 Kg7 53. e6 Rb7 54. Ke5 Rb5+ 55. Kd6 Kf6 56. Rf3+ 1-0

[Event "Feffernitz Raika op 20th"]
[Site "Feffernitz"]
[Date "2011.08.21"]
[Round "1"]
[White "Zeber, Karl"]
[Black "Polster, Wolfgang"]
[Result "0-1"]
[WhiteElo "1757"]
[BlackElo "2267"]
[PlyCount "100"]
[EventDate "2011.08.21"]
[EventType "swiss"]
[EventRounds "9"]
[EventCountry "AUT"]
[SourceTitle "CBM 144 Extra"]
[Source "ChessBase"]
[SourceDate "2011.10.28"]
[SourceVersion "1"]
[SourceVersionDate "2011.10.28"]
[SourceQuality "1"]

1. e4 e6 2. d4 d5 3. exd5 exd5 4. c4 Nc6 5. Nf3 Bb4+ 6. Nc3 Nf6 7. cxd5 Nxd5 8. Bd2 0-0 9. Be2 Nb6 10. a3 Bxc3 11. bxc3 Be6 12. 0-0 Bc4 13. Re1 Qd5 14. Bxc4 Qxc4 15. Ne5 Nxe5 16. Rxe5 Nd5 17. Qc2 f6 18. Ree1 Rfe8 19. Qa2 Nb6 20. Qxc4+ Nxc4 21. Be3 Re7 22. Kf1 Rae8 23. Bf4 g5 24. Rxe7 Rxe7 25. Bc1 c6 26. a4 Kf7 27. Ra2 a5 28. Ba3 Re4 29. Bc1 Ke7 30. f3 Re6 31. Kf2 Kd6 32. g3 Kd5 33. f4 h6 34. fxg5 fxg5 35. h3 b5 36. axb5 cxb5 37. Re2 a4 38. Ra2 Na5 39. Ba3 Kc4 40. Bb4 Nb3 41. Re2 Nxd4 42. Rxe6 Nxe6 43. Ke3 Kd5 44. Kd3 h5 45. Be7 Nc5+ 46. Kc2 g4 47. hxg4 hxg4 48. Bg5 Kc4 49. Bf4 Ne4 50. Be5 a3 0-1